书目信息 |
| 题名: |
经济计量学精要
|
|
| 作者: | 古亚拉提 著 ;张涛 译 | |
| 分册: | ||
| 出版信息: | 北京 机械工业出版社 2000 |
|
| 页数: | 349页 | |
| 开本: | 26cm | |
| 丛书名: | 经济教材译丛 | |
| 单 册: | ||
| 中图分类: | F224.0 | |
| 科图分类: | ||
| 主题词: | 计量经济学--高等学校--教材 , 计量经济学 | |
| 电子资源: | ||
| ISBN: | 7-111-07962-0 | |
| 000 | 01144oam2 2200313 450 | |
| 001 | 060000010440 | |
| 005 | 20050919100802.28 | |
| 010 | @a7-111-07962-0@dCNY38.00 | |
| 100 | @a20041019e20032000ekmy0chiy0120 ea | |
| 101 | 1 | @achi@ceng |
| 102 | @aCN@b110000 | |
| 105 | @aak az 000yy | |
| 200 | 1 | @a经济计量学精要@9jing ji ji liang xue jing yao@f(美)达莫达尔 N.古亚拉提著@F(mei)da mo da er N.gu ya la ti zhu@g张涛等译@Gzhang tao deng yi |
| 210 | @a北京@c机械工业出版社@d2000@h2003重印 | |
| 215 | @a349页@c图@d26cm | |
| 225 | 2 | @a经济教材译丛 |
| 300 | @a华章经管 | |
| 305 | @a原书第2版。 | |
| 306 | @a本书中文简体字版由McGraw-Hill公司授权机械工业出版社在中国境内独家出版发行。 | |
| 320 | @a有书目 | |
| 330 | @a本书抛开了复杂的数学计算以及繁琐的推导和证明,通过书中宏、微观经济实例,读者可以掌握经济计量学的基本原理和主要内容,并了解到经济计量学研究领域的最新成果。 | |
| 461 | 0 | @12001 @a经济教材译丛 |
| 606 | 0 | @a计量经济学@x高等学校@j教材 |
| 606 | 0 | @a计量经济学 |
| 690 | @aF224.0@v4 | |
| 701 | 0 | @a古亚拉提@Agu ya la ti@4著 |
| 702 | 0 | @a张涛@9zhang tao@4译 |
| 801 | 0 | @aCN@bTSSF@c20050919 |
| 905 | @a10447@dF224.0@e154 | |
| 经济计量学精要/(美)达莫达尔 N.古亚拉提著/张涛等译.-北京:机械工业出版社,2000(2003重印) |
| 349页:图;26cm.-(经济教材译丛) |
| 华章经管 |
| ISBN 7-111-07962-0:CNY38.00 |
| 本书抛开了复杂的数学计算以及繁琐的推导和证明,通过书中宏、微观经济实例,读者可以掌握经济计量学的基本原理和主要内容,并了解到经济计量学研究领域的最新成果。 |
| ● |
| 相关链接 |
|
|
|
|
正题名:经济计量学精要
索取号:F224.0/154
 
预约/预借
| 序号 | 登录号 | 条形码 | 馆藏地/架位号 | 状态 | 备注 |
| 1 | 0361597 | 3615975 | 第一样本阅览室/ [索取号:F224.0/154] | 在馆 | |
| 2 | 0361598 | 3615984 | 第一借阅区/ [索取号:F224.0/154] | 在馆 | |
| 3 | 0361599 | 3615993 | 第一借阅区/ [索取号:F224.0/154] | 在馆 |